A Textbook of applied Microbiology (Record no. 144252)

MARC details
000 -LEADER
fixed length control field 00557nam a22001937a 4500
005 - DATE AND TIME OF LATEST TRANSACTION
control field 20230603122208.0
008 - FIXED-LENGTH DATA ELEMENTS--GENERAL INFORMATION
fixed length control field 230327b |||||||| |||| 00| 0 eng d
020 ## - INTERNATIONAL STANDARD BOOK NUMBER
International Standard Book Number 9781543346909
041 ## - LANGUAGE CODE
Language code of text/sound track or separate title eng
082 ## - DEWEY DECIMAL CLASSIFICATION NUMBER
Classification number 616.01
100 ## - MAIN ENTRY--PERSONAL NAME
Author Wani, Imtiyaz
245 ## - TITLE STATEMENT
Title A Textbook of applied Microbiology
Remainder of title (Exclusively Designed for B.Sc. Nursing Semester-III Students)
250 ## - EDITION STATEMENT
Edition statement 2022
260 ## - PUBLICATION, DISTRIBUTION, ETC.
Place of publication, distribution, etc. Jalandhar
Name of publisher, distributor, etc. S.Vikas and Company (Medical Publisher)
Date of publication, distribution, etc. 2022
300 ## - PHYSICAL DESCRIPTION
Extent 418P.
365 ## - TRADE PRICE
Price amount 599.00
Currency code Rs.
942 ## - ADDED ENTRY ELEMENTS (KOHA)
Koha item type Compact Books
650 ## - SUBJECT ADDED ENTRY--TOPICAL TERM
Topical term or geographic name entry element MICROBIOLOGY
Holdings
Withdrawn status Lost status Source of classification or shelving scheme Damaged status Not for loan Home library Current library Date acquired Vendor Net Price Total Checkouts Total Renewals Full call number Barcode Date last seen Date last checked out Actual Price Bill Date Koha item type
    Dewey Decimal Classification     Sitabai Nargundkar College of Nursing Nagpur Sitabai Nargundkar College of Nursing Nagpur 27/03/2023 Complimentary copy by S. Vikas and Company (Medical Publisher) 599.00 14 2 616.01 SNCN-CB-22 23/03/2026 20/03/2026 599.00 27/03/2023 Compact Books